00660 2200229 4500001002100000005001700021008004100038020001800079035002400097082001100121090002100132100004600153245006900199250001100268260003000279300002900309650004400338850001200382980001500394985000600409999001500415YOGYA-0209000002301120090227023730.0 ind  a979-95449-0-4 0010-020900000023011 a344.04 a344.04bInd HlR aINDONESIA [Undang-undang, Peraturan dsb.] aHimpunan peraturan perundang-undangan bidang kesehatan 1997-1998 aCet. 1 aJakartabMitra Infoc1998 axv, 671 hlmbilusc21 cm aKesehatan - Undang-undang dan Peraturan aYOPDYOG a02-03-2007 a1 a06A0021029